000 01840nam a2200409 a 4500
999 _c348295
_d348295
003 BLK
005 20241223112210.0
008 180411b bul|||||r ||||||| ||bul||
010 _aKNG00214368000
020 _a9786197507072
040 _aBLK
041 _aBUL
_cBUL
072 7 _2bullib
_aН84
_xБългарска художествена литература Н
080 _aБългарска литература
_b821.163.2
_x-992(086.76)
_z821.163.2-992(086.76)
100 1 _aБояджиева, Наталия Иванова
_9350475
139 _aБояджиева, Наталия Иванова
_bБ 73
245 1 0 _aСветлина от Изтока
_cНаталия Бояджиева ; предг. Ивета К. Рашева
250 _a2. прераб. изд.
257 _aBGR
260 _a[София]
_bЕкрие
_c2019
_9401270
_f([София] : [Инвестпрес])
300 _a312 с.
_bс ил.
_c21 см
380 _aX
490 _9453574
_aЧудни пътешествия с Екрие
_v1
500 _a1. изд. 2016 на изд. Българи. - Биогр. данни за авт. отбелязани на гърба на кор. - Автограф с текст : На читателите на Регионална библиотека "Любен Каравелов" - за силата на духа! Желая чудни пътешествия! Наталия Бояджиева, 19.04.2023, Русе
852 _bП
_cП 886.7-9/Б 73
856 4 _qpdf
_i0.00
_ldisable
856 4 _qpdf
_i0.00
_ldisable
942 _cKNG
_n0
_s1
_04
944 _aCR
_c2020-01-28
_k30576
_lЦветомила Тодорова
944 _aED
_c2020-01-28
_kК.Д.
999 _d348295
999 _d348295
999 _d348295
999 _d348295
999 _d204793
999 _d204793